[Event "EYCC Open U14 2021"]
[Site "Tornelo"]
[Date "2021.10.15"]
[Round "9.7"]
[White "Lavrencic, Matic"]
[Black "Kanov, Nikola"]
[Result "0-1"]
[WhiteElo "2149"]
[BlackElo "2150"]
[Annotator "ChessBase"]
[PlyCount "110"]
[EventDate "2021.10.15"]
[EventType "swiss"]
[EventCountry "NET"]
[SourceTitle "playchess.com"]
[Source "ChessBase"]
[SourceQuality "1"]
[TimeControl "5400+30"]

1. e4 {[%emt 0:00:30]} e5 {[%emt 0:00:40]} 2. Nf3 {[%emt 0:00:07]} Nc6 {[%emt 0:00:09]} 3. Bb5 {[%emt 0:00:07]} g6 {[%emt 0:00:16]} 4. c3 {[%emt 0:00:08]} Bg7 {[%emt 0:00:48]} 5. d4 {[%emt 0:00:18]} exd4 {[%emt 0:00:34]} 6. cxd4 {[%emt 0:00:23]} a6 {[%emt 0:00:26]} 7. Ba4 {[%emt 0:00:06]} b5 {[%emt 0:00:32]} 8. Bc2 {[%emt 0:00:07]} Nge7 {[%emt 0:00:33]} 9. d5 {[%emt 0:04:48]} Na5 {[%emt 0:01:13]} 10. Bd2 {[%emt 0:01:41]} c5 {[%emt 0:04:53]} 11. Bc3 {[%emt 0:00:12]} Bxc3+ {[%emt 0:01:51]} 12. Nxc3 {[%emt 0:00:15]} d6 {[%emt 0:00:57]} 13. h3 {[%emt 0:01:49]} O-O {[%emt 0:03:13]} 14. O-O {[%emt 0:00:12]} Nc4 {[%emt 0:02:47]} 15. Qc1 {[%emt 0:00:22]} f6 {[%emt 0:04:21]} 16. Nd2 {[%emt 0:15:54]} Nb6 {[%emt 0:06:48]} 17. a4 {[%emt 0:08:13]} b4 {[%emt 0:01:45]} 18. Nd1 {[%emt 0:00:15]} a5 {[%emt 0:00:47]} 19. Bd3 {[%emt 0:04:28]} g5 {[%emt 0:05:38]} 20. Ne3 {[%emt 0:02:49]} Ng6 {[%emt 0:00:52]} 21. Ndc4 {[%emt 0:02:51]} Nxc4 {[%emt 0:05:07]} 22. Nxc4 {[%emt 0:01:21]} Ra7 {[%emt 0:03:46]} 23. Qd2 {[%emt 0:03:31]} Rg7 {[%emt 0:13:28]} 24. Rfe1 {[%emt 0:02:37]} h5 {[%emt 0:04:53]} 25. Bf1 {[%emt 0:00:39]} Ne5 {[%emt 0:02:50]} 26. Re3 {[%emt 0:07:52]} Ng6 {[%emt 0:15:25]} 27. b3 {[%emt 0:03:40]} Kf7 {[%emt 0:04:56]} 28. Be2 {[%emt 0:01:42]} Rh8 {[%emt 0:01:04]} 29. Qd1 {[%emt 0:01:40]} g4 {[%emt 0:04:52]} 30. g3 {[%emt 0:02:30]} Ba6 {[%emt 0:04:16]} 31. h4 {[%emt 0:02:38]} Bxc4 {[%emt 0:00:34]} 32. Bxc4 {[%emt 0:00:09]} Ne5 {[%emt 0:00:16]} 33. Be2 {[%emt 0:00:54]} Rf8 {[%emt 0:00:21]} 34. Kh2 {[%emt 0:01:20]} Kg8 {[%emt 0:01:23]} 35. Qc2 {[%emt 0:02:31]} f5 {[%emt 0:01:50]} 36. exf5 {[%emt 0:00:08]} Qf6 {[%emt 0:00:12]} 37. Rf1 {[%emt 0:07:27]} Qxf5 {[%emt 0:00:24]} 38. Qxf5 {[%emt 0:00:13]} Rxf5 {[%emt 0:00:03]} 39. Kg2 {[%emt 0:00:50]} Rgf7 {[%emt 0:00:07]} 40. Ba6 {[%emt 0:00:34]} Rf3 {[%emt 0:00:49]} 41. Rxe5 {[%emt 0:02:34]} dxe5 {[%emt 0:00:17]} 42. d6 {[%emt 0:04:13]} Rd7 {[%emt 0:01:13]} 43. Rd1 {[%emt 0:00:28]} Rf6 {[%emt 0:00:17]} 44. Bc4+ {[%emt 0:00:06]} Kf8 {[%emt 0:00:26]} 45. Rd5 {[%emt 0:00:06]} Rdxd6 {[%emt 0:00:14]} 46. Rxc5 {[%emt 0:01:09]} Rd2 {[%emt 0:00:10]} 47. Rxa5 {[%emt 0:01:32]} Rfxf2+ {[%emt 0:00:06]} 48. Kg1 {[%emt 0:00:06]} Rg2+ {[%emt 0:00:19]} 49. Kf1 {[%emt 0:00:10]} Rdf2+ {[%emt 0:00:06]} 50. Ke1 {[%emt 0:00:08]} e4 {[%emt 0:03:09]} 51. Re5 {[%emt 0:01:37]} Rb2 {[%emt 0:00:08]} 52. Kf1 {[%emt 0:00:11]} Rxg3 {[%emt 0:02:54]} 53. Rxe4 {[%emt 0:00:09]} Rh3 {[%emt 0:00:46]} 54. Rf4+ {[%emt 0:00:26]} Kg7 {[%emt 0:00:23]} 55. Bd5 {[%emt 0:00:19]} Rd3 {[%emt 0:00:44]} 0-1

[Event "EYCC Open U14 2021"]
[Site "Tornelo"]
[Date "2021.10.15"]
[Round "9.8"]
[White "Klimkowski, Jan"]
[Black "Makridis, Dimitrios"]
[Result "1-0"]
[WhiteElo "2366"]
[BlackElo "2138"]
[Annotator "ChessBase"]
[PlyCount "95"]
[EventDate "2021.10.15"]
[EventType "swiss"]
[EventCountry "NET"]
[SourceTitle "playchess.com"]
[Source "ChessBase"]
[SourceQuality "1"]
[TimeControl "5400+30"]

1. e4 {[%emt 0:00:30]} c5 {[%emt 0:00:35]} 2. Nf3 {[%emt 0:00:06]} Nc6 {[%emt 0:00:03]} 3. d4 {[%emt 0:00:07]} cxd4 {[%emt 0:00:02]} 4. Nxd4 {[%emt 0:00:10]} Nf6 {[%emt 0:00:03]} 5. Nc3 {[%emt 0:00:07]} e5 {[%emt 0:00:09]} 6. Ndb5 {[%emt 0:00:12]} d6 {[%emt 0:00:04]} 7. Bg5 {[%emt 0:00:16]} a6 {[%emt 0:00:12]} 8. Na3 {[%emt 0:00:07]} b5 {[%emt 0:00:27]} 9. Bxf6 {[%emt 0:00:15]} gxf6 {[%emt 0:00:10]} 10. Nd5 {[%emt 0:00:09]} f5 {[%emt 0:01:02]} 11. g3 {[%emt 0:00:10]} Bg7 {[%emt 0:10:22]} 12. Bg2 {[%emt 0:00:10]} f4 {[%emt 0:01:39]} 13. O-O {[%emt 0:02:05]} fxg3 {[%emt 0:02:45]} 14. fxg3 {[%emt 0:04:49]} h5 {[%emt 0:01:20]} 15. Qf3 {[%emt 0:02:13]} Be6 {[%emt 0:00:54]} 16. c3 {[%emt 0:01:26]} Ra7 {[%emt 0:04:28]} 17. Nc2 {[%emt 0:01:15]} h4 {[%emt 0:02:21]} 18. Nce3 {[%emt 0:02:00]} Ne7 {[%emt 0:06:05]} 19. a4 {[%emt 0:05:19]} h3 {[%emt 0:08:23]} 20. Bh1 {[%emt 0:00:10]} Bxd5 {[%emt 0:02:01]} 21. exd5 {[%emt 0:02:18]} O-O {[%emt 0:07:08]} 22. Nf5 {[%emt 0:08:45]} Qb6+ {[%emt 0:02:34]} 23. Rf2 {[%emt 0:00:07]} e4 {[%emt 0:02:53]} 24. Qxe4 {[%emt 0:00:56]} Nxf5 {[%emt 0:00:38]} 25. Qxf5 {[%emt 0:00:07]} b4 {[%emt 0:01:57]} 26. Raf1 {[%emt 0:06:20]} Re8 {[%emt 0:01:34]} 27. Bf3 {[%emt 0:01:46]} Rc7 {[%emt 0:04:20]} 28. Qxh3 {[%emt 0:02:10]} bxc3 {[%emt 0:01:23]} 29. bxc3 {[%emt 0:00:08]} Bxc3 {[%emt 0:06:15]} 30. Kh1 {[%emt 0:03:02]} Bg7 {[%emt 0:04:54]} 31. Bh5 {[%emt 0:02:19]} Ree7 {[%emt 0:00:29]} 32. Qf5 {[%emt 0:02:12]} Qa5 {[%emt 0:02:10]} 33. Rb1 {[%emt 0:06:53]} Re1+ {[%emt 0:04:34]} 34. Kg2 {[%emt 0:00:29]} Rxb1 {[%emt 0:01:31]} 35. Bxf7+ {[%emt 0:00:09]} Rxf7 {[%emt 0:00:18]} 36. Qxf7+ {[%emt 0:00:09]} Kh8 {[%emt 0:00:54]} 37. Qe8+ {[%emt 0:00:08]} Kh7 {[%emt 0:00:04]} 38. Qe4+ {[%emt 0:00:07]} Kh8 {[%emt 0:00:03]} 39. Qxb1 {[%emt 0:00:08]} Qxd5+ {[%emt 0:00:02]} 40. Rf3 {[%emt 0:00:53]} Qd2+ {[%emt 0:00:13]} 41. Kh1 {[%emt 0:00:12]} d5 {[%emt 0:00:59]} 42. Qd3 {[%emt 0:00:39]} Qe1+ {[%emt 0:00:10]} 43. Rf1 {[%emt 0:00:10]} Qe5 {[%emt 0:00:06]} 44. Qf5 {[%emt 0:00:17]} Qe2 {[%emt 0:00:16]} 45. Rc1 {[%emt 0:00:26]} Bc3 {[%emt 0:01:10]} 46. Qc8+ {[%emt 0:00:09]} Kh7 {[%emt 0:00:02]} 47. Qxc3 {[%emt 0:00:11]} Qe4+ {[%emt 0:00:01]} 48. Kg1 {[%emt 0:00:08]} 1-0

[Event "EYCC Open U14 2021"]
[Site "Tornelo"]
[Date "2021.10.15"]
[Round "9.9"]
[White "Ince, Taylan Ruzgar"]
[Black "Valiyev, Shahin"]
[Result "1-0"]
[WhiteElo "2124"]
[BlackElo "1944"]
[Annotator "NA"]
[PlyCount "91"]
[EventDate "2021.10.15"]
[EventType "swiss"]
[EventCountry "NET"]
[SourceTitle "playchess.com"]
[Source "ChessBase"]
[SourceQuality "1"]
[TimeControl "5400+30"]

1. d4 {[%emt 0:00:30]} d5 {[%emt 0:00:32]} 2. c4 {[%emt 0:00:04]} e6 {[%emt 0:00:03]} 3. Nf3 {[%emt 0:00:06]} Nf6 {[%emt 0:00:19]} 4. g3 {[%emt 0:00:04]} Bb4+ {[%emt 0:00:02]} 5. Bd2 {[%emt 0:00:06]} Be7 {[%emt 0:00:03]} 6. Bg2 {[%emt 0:00:05]} O-O {[%emt 0:00:19]} 7. Qc2 {[%emt 0:00:08]} c6 {[%emt 0:00:49]} 8. O-O {[%emt 0:01:51]} Nbd7 {[%emt 0:00:50]} 9. Rd1 {[%emt 0:00:16]} b6 {[%emt 0:01:17]} 10. Bf4 {[%emt 0:06:04]} Bb7 {[%emt 0:00:11]} 11. b3 {[%emt 0:03:48]} Qc8 {[%emt 0:04:00]} 12. Nc3 {[%emt 0:06:28]} c5 {[%emt 0:03:33]} 13. cxd5 {[%emt 0:04:42]} cxd4 {[%emt 0:03:09]} 14. dxe6 {[%emt 0:13:30]} fxe6 {[%emt 0:00:05]} 15. Rxd4 {[%emt 0:01:34]} Bc5 {[%emt 0:10:09]} 16. Rd2 {[%emt 0:14:10]} Ng4 {[%emt 0:14:45]} 17. Nd1 {[%emt 0:08:35]} e5 {[%emt 0:15:20]} 18. Qc4+ {[%emt 0:04:03]} Kh8 {[%emt 0:00:27]} 19. Qe6 {[%emt 0:00:38]} Ndf6 {[%emt 0:10:00]} 20. Qxc8 {[%emt 0:00:30]} Raxc8 {[%emt 0:00:03]} 21. Nxe5 {[%emt 0:01:11]} Bxg2 {[%emt 0:03:11]} 22. Kxg2 {[%emt 0:00:07]} Nxe5 {[%emt 0:03:54]} 23. Bxe5 {[%emt 0:00:08]} Ng4 {[%emt 0:00:02]} 24. Bd4 {[%emt 0:00:46]} Bb4 {[%emt 0:00:09]} 25. Rd3 {[%emt 0:02:00]} Rc2 {[%emt 0:00:07]} 26. h3 {[%emt 0:01:39]} Nh6 {[%emt 0:00:21]} 27. e4 {[%emt 0:04:11]} Kg8 {[%emt 0:00:40]} 28. a3 {[%emt 0:02:28]} Be1 {[%emt 0:00:17]} 29. Be3 {[%emt 0:03:12]} Nf7 {[%emt 0:00:21]} 30. Rd5 {[%emt 0:02:48]} Re8 {[%emt 0:00:19]} 31. Kf1 {[%emt 0:04:16]} Bc3 {[%emt 0:00:04]} 32. Rc1 {[%emt 0:00:34]} Rxc1 {[%emt 0:00:02]} 33. Bxc1 {[%emt 0:00:02]} Bf6 {[%emt 0:00:21]} 34. f3 {[%emt 0:00:06]} Rc8 {[%emt 0:00:22]} 35. Bf4 {[%emt 0:00:38]} Rc2 {[%emt 0:00:42]} 36. Rd2 {[%emt 0:00:07]} Rc6 {[%emt 0:00:10]} 37. Ke2 {[%emt 0:00:37]} Nd8 {[%emt 0:00:30]} 38. Be3 {[%emt 0:01:04]} Nb7 {[%emt 0:00:10]} 39. f4 {[%emt 0:00:38]} Na5 {[%emt 0:00:10]} 40. b4 {[%emt 0:02:30]} Nb3 {[%emt 0:00:18]} 41. Rd3 {[%emt 0:01:33]} Rc2+ {[%emt 0:00:09]} 42. Kf3 {[%emt 0:00:16]} Na1 {[%emt 0:00:02]} 43. e5 {[%emt 0:00:15]} Be7 {[%emt 0:00:03]} 44. Bd4 {[%emt 0:00:34]} Ra2 {[%emt 0:00:31]} 45. Bxa1 {[%emt 0:01:32]} Rxa1 {[%emt 0:00:04]} 46. Ne3 {[%emt 0:00:08]} 1-0

[Event "EYCC Open U14 2021"]
[Site "Tornelo"]
[Date "2021.10.15"]
[Round "9.10"]
[White "Magalakis, Stefanos"]
[Black "Prazak, Daniel"]
[Result "1/2-1/2"]
[WhiteElo "2065"]
[BlackElo "1945"]
[Annotator "ChessBase"]
[PlyCount "83"]
[EventDate "2021.10.15"]
[EventType "swiss"]
[EventCountry "NET"]
[SourceTitle "playchess.com"]
[Source "ChessBase"]
[SourceQuality "1"]
[TimeControl "5400+30"]

1. Nf3 {[%emt 0:00:30]} Nf6 {[%emt 0:00:42]} 2. c4 {[%emt 0:00:07]} c5 {[%emt 0:00:11]} 3. g3 {[%emt 0:00:16]} d5 {[%emt 0:00:17]} 4. cxd5 {[%emt 0:00:23]} Nxd5 {[%emt 0:00:05]} 5. b3 {[%emt 0:08:03]} Nc6 {[%emt 0:07:23]} 6. Bb2 {[%emt 0:00:18]} f6 {[%emt 0:00:40]} 7. Bg2 {[%emt 0:04:56]} e5 {[%emt 0:00:49]} 8. O-O {[%emt 0:02:03]} Be6 {[%emt 0:00:33]} 9. d3 {[%emt 0:04:40]} Be7 {[%emt 0:00:53]} 10. Nbd2 {[%emt 0:00:47]} O-O {[%emt 0:00:53]} 11. Rc1 {[%emt 0:00:33]} Rc8 {[%emt 0:00:19]} 12. a3 {[%emt 0:02:36]} Qd7 {[%emt 0:01:39]} 13. Re1 {[%emt 0:01:22]} Rfd8 {[%emt 0:00:45]} 14. Ne4 {[%emt 0:05:18]} b6 {[%emt 0:02:27]} 15. Nc3 {[%emt 0:07:57]} Nxc3 {[%emt 0:02:52]} 16. Bxc3 {[%emt 0:00:53]} e4 {[%emt 0:03:09]} 17. Nd2 {[%emt 0:03:34]} exd3 {[%emt 0:00:31]} 18. exd3 {[%emt 0:00:04]} Bf5 {[%emt 0:07:09]} 19. Be4 {[%emt 0:09:51]} Bxe4 {[%emt 0:02:30]} 20. dxe4 {[%emt 0:00:39]} Ne5 {[%emt 0:02:52]} 21. Rc2 {[%emt 0:10:03]} c4 {[%emt 0:09:15]} 22. Bxe5 {[%emt 0:02:34]} fxe5 {[%emt 0:00:44]} 23. Qb1 {[%emt 0:02:19]} c3 {[%emt 0:12:22]} 24. Nc4 {[%emt 0:01:43]} Qd4 {[%emt 0:06:01]} 25. Rcc1 {[%emt 0:06:39]} Bg5 {[%emt 0:07:24]} 26. Ne3 {[%emt 0:05:28]} Bxe3 {[%emt 0:00:51]} 27. fxe3 {[%emt 0:01:04]} Qd3 {[%emt 0:02:50]} 28. Qxd3 {[%emt 0:01:21]} Rxd3 {[%emt 0:00:05]} 29. Rc2 {[%emt 0:02:33]} b5 {[%emt 0:01:29]} 30. Kf2 {[%emt 0:02:28]} a5 {[%emt 0:02:06]} 31. b4 {[%emt 0:01:08]} axb4 {[%emt 0:01:59]} 32. axb4 {[%emt 0:00:15]} Rc4 {[%emt 0:01:01]} 33. Ke2 {[%emt 0:00:46]} Rd8 {[%emt 0:02:01]} 34. Rb1 {[%emt 0:00:26]} Rdc8 {[%emt 0:09:05]} 35. Kd3 {[%emt 0:01:15]} Rd8+ {[%emt 0:02:43]} 36. Ke2 {[%emt 0:00:12]} Ra8 {[%emt 0:00:29]} 37. Rb3 {[%emt 0:03:10]} Rxe4 {[%emt 0:03:19]} 38. Rcxc3 {[%emt 0:01:30]} Ra4 {[%emt 0:00:35]} 39. Rc5 {[%emt 0:00:16]} Rexb4 {[%emt 0:00:23]} 40. Rxb5 {[%emt 0:03:01]} Ra2+ {[%emt 0:00:40]} 41. Kf3 {[%emt 0:00:21]} e4+ {[%emt 0:01:32]} 42. Kg4 {[%emt 0:01:16]} 1/2-1/2

[Event "EYCC Open U14 2021"]
[Site "Tornelo"]
[Date "2021.10.15"]
[Round "9.11"]
[White "Andreev, Konstantin"]
[Black "Veselov, Yaroslav"]
[Result "0-1"]
[WhiteElo "2238"]
[BlackElo "1922"]
[Annotator "ChessBase"]
[PlyCount "54"]
[EventDate "2021.10.15"]
[EventType "swiss"]
[EventCountry "NET"]
[SourceTitle "playchess.com"]
[Source "ChessBase"]
[SourceQuality "1"]
[TimeControl "5400+30"]

1. e4 {[%emt 0:00:30]} c5 {[%emt 0:00:34]} 2. Nf3 {[%emt 0:00:06]} d6 {[%emt 0:00:03]} 3. d4 {[%emt 0:00:16]} cxd4 {[%emt 0:00:04]} 4. Nxd4 {[%emt 0:00:03]} Nf6 {[%emt 0:00:03]} 5. Nc3 {[%emt 0:00:03]} a6 {[%emt 0:00:03]} 6. h4 {[%emt 0:00:41]} e5 {[%emt 0:00:40]} 7. Nb3 {[%emt 0:00:17]} Be6 {[%emt 0:00:16]} 8. f4 {[%emt 0:00:04]} exf4 {[%emt 0:00:38]} 9. Bxf4 {[%emt 0:00:07]} Nc6 {[%emt 0:00:04]} 10. Qd2 {[%emt 0:00:04]} Ng4 {[%emt 0:11:06]} 11. O-O-O {[%emt 0:01:16]} Nce5 {[%emt 0:00:04]} 12. Rg1 {[%emt 0:05:57]} Be7 {[%emt 0:01:20]} 13. Be2 {[%emt 0:01:07]} O-O {[%emt 0:02:49]} 14. Nd4 {[%emt 0:00:40]} Bxh4 {[%emt 0:10:09]} 15. g3 {[%emt 0:01:56]} Be7 {[%emt 0:02:23]} 16. Nf5 {[%emt 0:04:51]} Bf6 {[%emt 0:10:45]} 17. Bxg4 {[%emt 0:04:56]} Nxg4 {[%emt 0:00:47]} 18. Qe2 {[%emt 0:00:13]} h5 {[%emt 0:07:00]} 19. Rxd6 {[%emt 0:22:44]} Qa5 {[%emt 0:12:08]} 20. Qd2 {[%emt 0:27:34]} Rac8 {[%emt 0:17:21]} 21. Nd5 {[%emt 0:02:38]} Qxa2 {[%emt 0:01:26]} 22. Nxf6+ {[%emt 0:02:16]} Nxf6 {[%emt 0:00:04]} 23. Ne7+ {[%emt 0:00:04]} Kh8 {[%emt 0:00:10]} 24. Qd4 {[%emt 0:00:54]} Rc4 {[%emt 0:00:49]} 25. Qb6 {[%emt 0:00:07]} Nxe4 {[%emt 0:01:57]} 26. Kd1 {[%emt 0:01:26]} Bg4+ {[%emt 0:00:47]} 27. Ke1 {[%emt 0:00:14]} Qb1+ {[%emt 0:00:04]} 0-1

[Event "EYCC Open U14 2021"]
[Site "Tornelo"]
[Date "2021.10.15"]
[Round "9.12"]
[White "Gasanov, Vadim"]
[Black "Ramaj, Ergit"]
[Result "1-0"]
[WhiteElo "2027"]
[BlackElo "1678"]
[Annotator "NA"]
[PlyCount "141"]
[EventDate "2021.10.15"]
[EventType "swiss"]
[EventCountry "NET"]
[SourceTitle "playchess.com"]
[Source "ChessBase"]
[SourceQuality "1"]
[TimeControl "5400+30"]

1. e4 {[%emt 0:00:30]} c5 {[%emt 0:00:37]} 2. Nf3 {[%emt 0:00:03]} d6 {[%emt 0:00:06]} 3. d4 {[%emt 0:00:02]} cxd4 {[%emt 0:00:02]} 4. Nxd4 {[%emt 0:00:02]} Nf6 {[%emt 0:00:02]} 5. Nc3 {[%emt 0:00:03]} g6 {[%emt 0:00:12]} 6. Be3 {[%emt 0:00:02]} Bg7 {[%emt 0:00:08]} 7. f3 {[%emt 0:00:03]} O-O {[%emt 0:00:03]} 8. Bc4 {[%emt 0:00:03]} Nc6 {[%emt 0:00:23]} 9. Qd2 {[%emt 0:00:03]} Nxd4 {[%emt 0:00:07]} 10. Bxd4 {[%emt 0:00:02]} Be6 {[%emt 0:00:03]} 11. Bb3 {[%emt 0:00:02]} Qa5 {[%emt 0:01:07]} 12. O-O-O {[%emt 0:00:06]} b5 {[%emt 0:01:26]} 13. Kb1 {[%emt 0:00:05]} b4 {[%emt 0:01:06]} 14. Nd5 {[%emt 0:00:04]} Bxd5 {[%emt 0:00:52]} 15. Bxd5 {[%emt 0:00:10]} Nxd5 {[%emt 0:02:23]} 16. Bxg7 {[%emt 0:00:04]} Nc3+ {[%emt 0:10:22]} 17. Bxc3 {[%emt 0:00:14]} bxc3 {[%emt 0:00:15]} 18. Qxc3 {[%emt 0:00:04]} Qxc3 {[%emt 0:00:06]} 19. bxc3 {[%emt 0:00:03]} Rfc8 {[%emt 0:00:23]} 20. Rd3 {[%emt 0:00:40]} Rc5 {[%emt 0:03:11]} 21. Re1 {[%emt 0:07:18]} Rac8 {[%emt 0:06:17]} 22. Ree3 {[%emt 0:00:38]} Rb8+ {[%emt 0:18:55]} 23. Ka1 {[%emt 0:00:12]} Rbc8 {[%emt 0:09:14]} 24. a3 {[%emt 0:00:26]} h5 {[%emt 0:02:30]} 25. f4 {[%emt 0:00:40]} f6 {[%emt 0:00:52]} 26. g3 {[%emt 0:02:57]} R8c6 {[%emt 0:01:27]} 27. Ka2 {[%emt 0:00:15]} Kf7 {[%emt 0:01:35]} 28. Rf3 {[%emt 0:01:39]} Rc7 {[%emt 0:05:20]} 29. h3 {[%emt 0:00:43]} g5 {[%emt 0:03:52]} 30. fxg5 {[%emt 0:12:24]} Rxg5 {[%emt 0:00:13]} 31. Rd5 {[%emt 0:00:11]} Rxd5 $14 {[%emt 0:04:37]} 32. exd5 {[%emt 0:00:03]} Rc5 {[%emt 0:00:02]} 33. Rd3 {[%emt 0:00:02]} e6 {[%emt 0:01:44]} 34. dxe6+ {[%emt 0:00:16]} Kxe6 {[%emt 0:00:02]} 35. a4 {[%emt 0:00:08]} a5 {[%emt 0:08:58]} 36. Kb3 {[%emt 0:00:56]} f5 {[%emt 0:02:19]} 37. c4 {[%emt 0:00:14]} Re5 {[%emt 0:00:17]} 38. c3 {[%emt 0:05:30]} Kd7 {[%emt 0:00:38]} 39. Rd5 {[%emt 0:01:52]} Kc6 {[%emt 0:00:24]} 40. Rb5 {[%emt 0:00:28]} Kc7 {[%emt 0:08:27]} 41. h4 {[%emt 0:00:48]} Rc5 {[%emt 0:00:36]} 42. Kc2 {[%emt 0:01:14]} Kd7 {[%emt 0:02:20]} 43. Kd3 {[%emt 0:00:44]} Ke6 {[%emt 0:00:12]} 44. Rb8 {[%emt 0:01:27]} f4 {[%emt 0:02:54]} 45. gxf4 {[%emt 0:00:35]} Kf5 {[%emt 0:00:02]} 46. Rb6 {[%emt 0:00:45]} Kxf4 {[%emt 0:01:05]} 47. Rxd6 {[%emt 0:00:13]} Kg4 {[%emt 0:00:02]} 48. Rd4+ {[%emt 0:00:02]} Kg3 {[%emt 0:00:05]} 49. Rd5 {[%emt 0:00:05]} Rc7 {[%emt 0:00:13]} 50. Rxh5 {[%emt 0:00:05]} Kg4 {[%emt 0:00:09]} 51. Rxa5 {[%emt 0:00:04]} Kxh4 {[%emt 0:00:02]} 52. c5 {[%emt 0:00:02]} Kg5 {[%emt 0:00:02]} 53. Kc4 {[%emt 0:00:02]} Kf6 {[%emt 0:00:02]} 54. Ra6+ {[%emt 0:00:02]} Ke7 {[%emt 0:00:02]} 55. Kb5 {[%emt 0:00:01]} Kd7 {[%emt 0:00:02]} 56. Rb6 {[%emt 0:00:07]} Ra7 {[%emt 0:00:09]} 57. a5 {[%emt 0:00:02]} Kc7 {[%emt 0:00:03]} 58. a6 {[%emt 0:00:05]} Kc8 {[%emt 0:00:12]} 59. Rc6+ {[%emt 0:00:06]} Kb8 {[%emt 0:00:04]} 60. Rh6 {[%emt 0:00:18]} Rg7 {[%emt 0:00:05]} 61. Rd6 {[%emt 0:00:19]} Ka7 {[%emt 0:00:09]} 62. Rb6 {[%emt 0:00:06]} Rg1 {[%emt 0:00:09]} 63. Rb7+ {[%emt 0:00:24]} Ka8 {[%emt 0:00:02]} 64. Rh7 {[%emt 0:00:03]} Rb1+ {[%emt 0:00:12]} 65. Kc6 {[%emt 0:00:04]} Rb8 {[%emt 0:00:11]} 66. Kd6 {[%emt 0:00:10]} Rd8+ {[%emt 0:00:04]} 67. Rd7 {[%emt 0:00:03]} Rh8 {[%emt 0:00:04]} 68. c6 {[%emt 0:00:01]} Rh6+ {[%emt 0:00:27]} 69. Kc5 {[%emt 0:00:08]} Rh8 {[%emt 0:00:08]} 70. c7 {[%emt 0:00:04]} Rh5+ {[%emt 0:00:10]} 71. Rd5 {[%emt 0:00:11]} 1-0